Landscaping : (Record no. 10799)

MARC details
000 -LEADER
fixed length control field 00622nam a22002172 4500
001 - CONTROL NUMBER
control field 0000004752
005 - DATE AND TIME OF LATEST TRANSACTION
control field 20151217154350.0
008 - FIXED-LENGTH DATA ELEMENTS--GENERAL INFORMATION
fixed length control field 070529s xx 000 0 eng d
020 ## - INTERNATIONAL STANDARD BOOK NUMBER
International Standard Book Number 1401834108 :
Terms of availability KES 8,000
040 ## - CATALOGING SOURCE
Original cataloging agency KABU
Transcribing agency KABU
050 #0 - LIBRARY OF CONGRESS CALL NUMBER
Classification number SB472
Item number .I54 2004
100 1# - MAIN ENTRY--PERSONAL NAME
Personal name Ingels, Jack E.
-- 0000083646
245 10 - TITLE STATEMENT
Title Landscaping :
Remainder of title principles and practices.
250 ## - EDITION STATEMENT
Edition statement 6th ed.
260 ## - PUBLICATION, DISTRIBUTION, ETC. (IMPRINT)
Place of publication, distribution, etc. New York :
Name of publisher, distributor, etc. Delmar Learning,
Date of publication, distribution, etc. 2004.
300 ## - PHYSICAL DESCRIPTION
Extent xvii, 498 p.
650 #0 - SUBJECT ADDED ENTRY--TOPICAL TERM
Topical term or geographic name as entry element Landscape architecture.
-- 0000155520
908 ## - PUT COMMAND PARAMETER (RLIN)
Put command parameter 070529
950 ## - LOCAL HOLDINGS (RLIN)
-- 1
Holdings
Withdrawn status Lost status Source of classification or shelving scheme Not for loan Home library Current library Date acquired Total Checkouts Full call number Barcode Date last seen Date last checked out Price effective from Koha item type
    Library of Congress Classification   Kabarak, Main Campus Kabarak, Main Campus 17/12/2015 1 SB472 .I54 2004 007140 01/08/2016 04/07/2016 17/12/2015 General Collection
Designed with assistance from East African Informatics Ltd